000 00308nam a22000977a 4500
999 _c11194
_d11194
008 181009b ||||| |||| 00| 0 eng d
020 _a9788177395273
100 _aSHARMA V D
_96950
245 _aINTRODUCTION TO PHYSICAL EDUCATION PART A: THEORY XI
_bCBSE SYLLABUS
260 _aNEW DELHI
_bAVICHAL PUBLICATION
_c2018